| 000 | 00732nam a22002537a 4500 | ||
|---|---|---|---|
| 008 | 131123b xxu||||| |||| 00| 0 eng d | ||
| 020 | _a0-7514-0423-3 | ||
| 024 | _cAvailable | ||
| 037 | _cAvailable | ||
| 040 |
_aMBSTU LIBRARY _dMBSTU LIBRARY |
||
| 082 |
_222 _a660.282 BIO |
||
| 110 | _aA.M. Martin. | ||
| 245 | _aBioconversion of waste materials to industrial produce. | ||
| 250 | _a2nd | ||
| 260 |
_aLondon _bBlackie Academy. _c1998 |
||
| 300 |
_a24 cm. _b556 page _f1 _g24 cm. |
||
| 600 | _2Materials. | ||
| 650 | _2Materials. | ||
| 710 | _aA.M. Martin. | ||
| 270 |
_aLondon _bLondon _dUK |
||
| 365 |
_b16318.00 _d16318.00 |
||
| 942 |
_2ddc _cBK |
||
| 999 |
_c869 _d869 |
||